000 00442nam a2200181Ia 4500
001 4122
005 20260306145732.0
008 260306t2006||||xx |||||||||||||| ||spa||
041 _aESP
082 _a306.85
_bP19A
100 _aJordán de Urríes, Blanca
_eAUT
245 0 _aCómo digo que no a mi hijo adolescente
260 _c2006
300 _a121 páginas :
_c19 cm.
650 _aGEN
654 _aCED
942 _cLIB
_dJUS
_fJUS
_2ddc
_n
999 _c4122
_d4122